Neorganisko savienojumu triviālie nosaukumi - Statistics

General Stats
  • This quiz has been taken 51 times
    26 since last reset
  • The average score is 33 of 54
Answer Stats
Triviālais nosaukums Ķīmiskā formula % Correct
Barīta ūdens (... šķīdums ūdenī) Ba(OH)2
92%
Bromūdens (... šķīdums ūdenī) Br2
92%
Ciānkālijs KCN
92%
Dzeramā soda NaHCO3
92%
Cinks Zn
92%
Krīts CaCO3
85%
Hlorūdens (... šķīdums ūdenī) Cl2
85%
Tvana gāze CO
85%
Ogļskābā gāze CO2
85%
Kodīgais kālijs KOH
85%
Smieklu gāze N2O
85%
Kodīgais nātrijs NaOH
85%
Dedzinātie kaļķi CaO
77%
Magnetīts Fe3O4
77%
Dzelzs vitriols FeSO4 * 7H2O
77%
Zilie graudiņi KMnO4
77%
Dedzinātais magnēzijs MgO
77%
Vārāmais sāls NaCl
77%
Cinka vitriols ZnSO4 * 7H2O
77%
Kvēpi C
69%
Vara vitriols CuSO4 * 5H2O
69%
Vitriola eļļa H2SO4
69%
Potaša K2CO3
69%
Amonija salpteris NH4NO3
69%
Baltie kvēpi SiO2
69%
Alvas eļļa SnCl4
69%
Kalcija salpteris Ca(NO3)2
62%
Čīles salpteris NaNO3
62%
Niķeļa vitriols NiSO4 * 7H2O
62%
Staniols (folija) Sn
62%
Elles akmens AgNO3
54%
Dzēstie kaļķi Ca(OH)2
54%
Urīnviela CO(NH2)2
54%
Dzelzs mīnijs Fe2O2
54%
Cementīts Fe3C
54%
Indijas salpteris KNO3
54%
Kālija salpteris KNO3
54%
Kalcinētā soda (veļas) Na2CO3
54%
Sprāgstošais sudrabs AgCNO
46%
Kaļķūdens (... šķīdums ūdenī) Ca(OH)2
46%
Bertolē sāls KClO3
46%
Briežraga sāls (NH4)2CO3
46%
Kristāliskā soda Na2CO3 * 10H2O
38%
Kaustiskā sāls NaOH
38%
Hlorkaļķi CaOCl2
31%
Sublimāts HgCl2
31%
Sarkanais asinssāls K3[Fe(CN)6]
31%
Rūgtais sāls MgSO4 * 7H2O
31%
Glaubersāls Na2SO4 * 10H2O
31%
Salmiaks NH4Cl
31%
Svina mīnijs Pb3O4
31%
Karborunds SiC
31%
Kalomels Hg2Cl2
23%
Kriolīts Na3[AlF6]
15%
No matching quizzes found
Score Distribution
Percent of People with Each Score
Percentile by Number Answered
Your Score History
You have not taken this quiz since the last reset